000 00701nam a2200241Ia 4500
003 OSt
005 20220926000050.0
006 a|||||r|||| 00| 0
007 ta
008 220923b |||||||| |||| 00| 0 eng d
037 _cGeneral Book
040 _aRTL
_cRTL
_beng
041 _2eng
_aeng
082 _aX72.2.N8, M5/GD
100 _aSandford Cedric
_9282442
245 0 _aCompliance costs of taxation
260 _a New Delhi
_bGovt Press India
_c1985
300 _a24p.
_ccm.
490 _aIndia, Pers Onnel And Training (Deptt Of-) , Training monograph 2-85
650 _aTax
942 _hX72.2.N8, M5/GD
_cGB
_2CC
999 _c598386
_d598386